000
00322nam a22001337a 4500
008
171023b xxu||||| |||| 00| 0 eng d
020
_a
9780471076490
041
_a
eng
080
_a
311
100
_a
55
101
_a
sta
245
_a
EXPLORING DIFFERENTIAL EQUATIONS VIA GRAPHICS AND DATA
_c
LOMEN, D
942
_2
udc
_c
BK
999
_c
35609
_d
35609